Disha's physical chemistry for competitions : (Record no. 9341)

MARC details
000 -LEADER
fixed length control field 00875 a2200217 4500
010 ## - LIBRARY OF CONGRESS CONTROL NUMBER
LC control number ENG-88845
020 ## - INTERNATIONAL STANDARD BOOK NUMBER
Terms of availability 252.00
035 ## - SYSTEM CONTROL NUMBER
System control number EN-72378
037 ## - SOURCE OF ACQUISITION
Source of stock number/acquisition DBAD / PUB
082 ## - DEWEY DECIMAL CLASSIFICATION NUMBER
Classification number 541.3
090 ## - LOCALLY ASSIGNED LC-TYPE CALL NUMBER (OCLC); LOCAL CALL NUMBER (OCLC)
-- 9515
-- 9515
100 ## - MAIN ENTRY--PERSONAL NAME
Personal name Rastogi, J.N.
245 ## - TITLE STATEMENT
Title Disha's physical chemistry for competitions :
Statement of responsibility, etc by J.N. Rastogi [and] Ruchi Mittal
Remainder of title useful for IIT, AIEEEE, UPSEE & all state level engg. exams & CBSE-PMT, AIIMS, CPMT & all state level medical exams /
260 ## - PUBLICATION, DISTRIBUTION, ETC. (IMPRINT)
Place of publication, distribution, etc New Delhi
Name of publisher, distributor, etc Disha Publications
Date of publication, distribution, etc 2008
270 ## - ADDRESS
Address B-32, Basemant, Shivalik Main Road, Malviya Nagar,
City New Delhi
Postal code 110 017
300 ## - PHYSICAL DESCRIPTION
Extent vii, 728p. :
Dimensions 26cm (pbk)
500 ## - GENERAL NOTE
General note Includes bibliographical references and index
700 ## - ADDED ENTRY--PERSONAL NAME
Personal name Mittal, Ruchi
942 ## - ADDED ENTRY ELEMENTS (KOHA)
Institution code [OBSOLETE] dpl
Koha item type English Books
Call number prefix 541.3 / RAS
Holdings
Withdrawn status Lost status Source of classification or shelving scheme Damaged status Not for loan Collection code Home library Current library Source of acquisition Cost, normal purchase price Total Checkouts Full call number Barcode Date last seen Copy number Uniform Resource Identifier Cost, replacement price Price effective from Koha item type
    Dewey Decimal Classification   Not For Loan Non-fiction D.B.Act.Division D.B.Act.Division DBAD/PUB 252.00   541.3 RAS EN-72378 15/09/2008 1 10321 252.00 15/09/2008 English Books

© Delhi Public Library
Hit Counter
free hit counter